00417nam a22001577a 4500003000400000005001700004008004100021020001800062040000800080050001200088082001200100100002000112245003100132260005800163300003800221OSt20260422123515.0260422b |||||||| |||| 00| 0 eng d a9789371391054 cDLC a294 PRA a294 PRA aPrakash,Shakti  aThe Man Towards the Moksha aNew DelhibBluerose Publishers Pvt. Ltd.c10 May 2025 a111 pagesc20.32 x 12.7 x 2.54 cm